000 00469nam a22001577a 4500
003 OSt
005 20211223095955.0
008 211223b |||||||| |||| 00| 0 eng d
040 _cHU
082 _20226020347
_a591.5
100 _aANDREWARTHA H.G.
_94166
245 _aTHE ECOLOGICAL WEB
_bMORE ONTHE DISTRIBUTION & ABUNDANCE OF ANIMALS
_cBIRCH L.C.
260 _aLONDON
_bTHE UNIVERSITY OF CHICAGO PRESS
_c1984
300 _aXIV 506 p.
_bpc
_c28
942 _2ddc
_cBOOKS
_n0
999 _c23650
_d23650